Science Quiz

Random Science or Nintendo Quiz

Antihistamines Quiz Stats

 Plays Quiz not verified by Sporcle

Score 0/27 Timer 20:00
0 Plays Today
Drug Class Drug % Correct
2nd Gen PiperazineCetirizine (Zyrtec)
75%
2nd Gen PiperidinesLoratadine (Claritin)
62.5%
EthanolaminesDiphenhydramine
37.5%
1st Gen AlkylaminesBrompheniramine
37.5%
1st Gen AlkylaminesChlorpheniramine
37.5%
PhenothiazinePromethazine
37.5%
2nd Gen PiperidinesFexofenadine
37.5%
H2R AntagonistsRanitidine (Zantac)
37.5%
EthanolaminesClemastine
25%
1st Gen PiperazinesHydroxyzine
25%
1st Gen PiperazinesCyclizine
25%
H2R AntagonistsCimetidine (Tagamet)
25%
H2R AntagonistsRamotidine (Pepcid)
25%
EthylenediaminesPyrilamine
12.5%
Drug Class Drug % Correct
1st Gen PiperazinesMeclizine
12.5%
2nd Gen PiperidinesDesloratadine
12.5%
H2R AntagonistsNizatidine (Axid)
12.5%
EthylenediaminesTripelennamine
0%
Tricyclic DibenzoxepineDoxepin
0%
EthanolaminesCarbinoxamine
0%
1st Gen PiperidinesCyproheptadine
0%
1st Gen PiperidinesPhenindamine
0%
2nd Gen PiperidinesLevocabastine
0%
2nd Gen PiperidinesEbastine
0%
2nd Gen PiperidinesMizolastine
0%
2nd Gen AlkylamineAcrivastine
0%
PhthalazinoneAzelastine
0%

You're not logged in!

Compare scores with friends on all Sporcle quizzes.
OR
Log In

Show Comments

Extras

Created Nov 15, 2010ReportNominate
Tags:Nintendo Quiz, class, drug

Top Quizzes Today


Score Distribution

Your Account Isn't Verified!

In order to create a playlist on Sporcle, you need to verify the email address you used during registration. Go to your Sporcle Settings to finish the process.

Report this User

Report this user for behavior that violates our Community Guidelines.

Details: